000 nam a22 a 4500
999 _c122723
_d122723
003 BLK
005 20221215112701.0
008 180409b bul|||||r ||||||| ||bul||
040 _aBLK
041 _aBUL
_cBUL
080 _aБългарска литература
_b821.163.2
_x-31
_z821.163.2-31
100 1 _aАнтонов-Тонич, Антон
_eпърви автор
_gАнтонов, Антон Константинов
_9265826
139 _aАнтонов-Тонич, Антон
_bА 75
245 1 0 _aРозовите краища на облаците
_bРоман
_cАнтон Антонов-Тонич; * Антон Константинов Антонов
257 _aBGR
260 _aСофия
_bПрофиздат
_c1981
300 _a207 с.
_c20 см
380 _aX
500 _aПълното име на авт.Антон Константинав Антонов.
700 1 _aАнтонов, Антон Константинов
_e*
_9376977
852 _aЦб 107340
_bЦб
856 4 _qpdf
_i0.00
_ldisable
942 _cKNG
_n0
_01
_s1
944 _aCR
_c06.03.2012
_l06.03.2012 - от С1,Р / 06.03.2012
_kНаталия_Медовщикова
944 _aED
_c06.03.2012
_l06.03.2012 - от С1,Р / 06.03.2012
999 _d122723